Science Quiz

Random Science Quiz

Types of Breathing Quiz Stats

 Plays Quiz not verified by Sporcle

Score 0/9 Timer 10:00
0 Plays Today
Hints Breathing Type % Correct
Temporary cessation of breath; one or two skipped breathsApnea
73.7%
increased pulmonary ventilationHyperventilation
73.7%
decreased pumonary ventilationHypoventilation
68.4%
dyspnea that occurs when lying downOrthopnea
47.4%
accelerated rate of breathingTachypnea
47.4%
shortness of breathDyspnea
36.8%
increased rate and depth of breathing due to exercise or painHyperpnea
31.6%
normal, quiet, relaxed breathingEupnea
26.3%
permanent cessation of breathingRespiratory Arrest
26.3%

You're not logged in!

Compare scores with friends on all Sporcle quizzes.
OR
Log In

Show Comments

Extras

Created Nov 13, 2010ReportNominate
Tags:breathing, extra

Top Quizzes Today


Score Distribution

Your Account Isn't Verified!

In order to create a playlist on Sporcle, you need to verify the email address you used during registration. Go to your Sporcle Settings to finish the process.

Report this User

Report this user for behavior that violates our Community Guidelines.

Details: